Online
Catalog

Latinoamérica, cultura de culturas / (Record no. 14214)

MARC details
000 -CABECERA
campo de control de longitud fija 01845cam a2200361 a 4500
001 - NÚMERO DE CONTROL
campo de control 000014630
005 - FECHA Y HORA DE LA ÚLTIMA TRANSACCIÓN
campo de control 20200929163858.0
008 - DATOS DE LONGITUD FIJA--INFORMACIÓN GENERAL
campo de control de longitud fija 990702s1999 mx a b f001 0 spa
020 ## - NÚMERO INTERNACIONAL ESTÁNDAR DEL LIBRO
Número Internacional Estándar del Libro 9686384308
035 ## - NÚMERO DE CONTROL DEL SISTEMA
Número de control de sistema (DLC) 99223155
035 ## - NÚMERO DE CONTROL DEL SISTEMA
Número de control de sistema (MxMxBFM)bm 970104776
040 ## - FUENTE DE LA CATALOGACIÓN
Centro catalogador/agencia de origen DO-SdBNP
Centro/agencia transcriptor DLC
Centro/agencia modificador DLC
043 ## - CÓDIGO DE ÁREA GEOGRÁFICA
Código de área geográfica cl-----
050 00 - SIGNATURA TOPOGRÁFICA DE LA BIBLIOTECA DEL CONGRESO
Número de clasificación F1414
Número de documento/Ítem .L293 1999
082 ## - NÚMERO DE LA CLASIFICACIÓN DECIMAL DEWEY
Número de clasificación nnn
Número de documento/Ítem L357
082 00 - NÚMERO DE LA CLASIFICACIÓN DECIMAL DEWEY
Número de clasificación 980.03/3
Número de edición 21
049 ## - FONDOS LOCALES (OCLC)
Fondos de biblioteca BNGR
245 00 - MENCIÓN DE TÍTULO
Título Latinoamérica, cultura de culturas /
Mención de responsabilidad, etc. compiladores ; Leopoldo Zea, Mario Magallón,.
260 ## - PUBLICACIÓN, DISTRIBUCIÓN, ETC.
Lugar de publicación, distribución, etc. México :
Nombre del editor, distribuidor, etc. Instituto Panamericano de Geografía e Historia,
-- Fondo de Cultura Económica,
Fecha de publicación, distribución, etc. 1999.
300 ## - DESCRIPCIÓN FÍSICA
Extensión 153 p. :
Otras características físicas il. ;
Dimensiones 21 cm.
490 1# - MENCIÓN DE SERIE
Mención de serie Latinoamérica fin de milenio
Designación de volumen o secuencia 2
490 1# - MENCIÓN DE SERIE
Mención de serie Tierra firme
500 ## - NOTA GENERAL
Nota general "La cultura"--Cover.
504 ## - NOTA DE BIBLIOGRAFÍA, ETC.
Nota de bibliografía, etc. Incluye referencias bibliográficas.
505 0# - NOTA DE CONTENIDO CON FORMATO
Nota de contenido con formato Integración, el gran desafío para Latinoamérica / presentación, Leopoldo Zea -- Presencia del indio en la cultura latinoamericana actual / Claudio Malo González -- Vigencia del integracionismo de Lucas Alamán / Salvador Méndez Reyes -- Tres debates culturales durante la transición chilena a la democracia : el fin da la historia, el rol del intelectual, el quinto centenario / Javier Pinedo Castro -- José Martí y el proyecto emancipador cubano / Enrique Ubieta Gómez -- Tiempo y movimiento en la mixteca alta : la preservación de un monumento, 1933-1993 / Magdalena Vences Vidal.
651 #0 - PUNTO DE ACCESO ADICIONAL DE MATERIA--NOMBRE GEOGRÁFICO
Nombre geográfico Latin America
Subdivisión general Civilization
Subdivisión cronológica 20th century.
9 (RLIN) 33153
650 #0 - PUNTO DE ACCESO ADICIONAL DE MATERIA--TÉRMINO DE MATERIA
Término de materia o nombre geográfico como elemento de entrada Identity (psychology)
Subdivisión geográfica Latin America.
9 (RLIN) 33154
650 #0 - PUNTO DE ACCESO ADICIONAL DE MATERIA--TÉRMINO DE MATERIA
Término de materia o nombre geográfico como elemento de entrada International economic integration.
9 (RLIN) 33155
700 1# - PUNTO DE ACCESO ADICIONAL--NOMBRE DE PERSONA
Nombre de persona Zea, Leopoldo,
Fechas asociadas al nombre 1912-
9 (RLIN) 3675
700 1# - PUNTO DE ACCESO ADICIONAL--NOMBRE DE PERSONA
Nombre de persona Magallón, Mario.
9 (RLIN) 19796
830 #0 - PUNTO DE ACCESO ADICIONAL DE SERIE-TÍTULO UNIFORME
Título uniforme Latinoamérica fin de milenio ;
Designación de volumen o secuencia 2
Nombre de parte o sección de la obra Tierra firme
9 (RLIN) 19786
910 ## - DATOS DE OPCIÓN DEL USUARIO (OCLC)
Datos de opción del usuario Catalogación por copia / LC
Holdings
Estado de retiro Estado de pérdida Restricciones de uso No para préstamo Código de colección Localización permanente Ubicación/localización actual Ubicación en estantería Fecha de adquisición Número de inventario Total de préstamos Signatura topográfica completa Código de barras Fecha visto por última vez Precio válido a partir de Tipo de ítem Koha Número de copia
      Excluido de préstamo Monografías: Libros y Folletos General General En catalogación 15.01.2010 LF1   nnn 980.03/3 L357 14630-10 25.06.2020 25.06.2020 No se presta  
      Excluido de préstamo Monografías: Libros y Folletos General General En catalogación 15.01.2010 LF1   nnn 980.03/3 L357 14630-20 25.06.2020 25.06.2020 No se presta e.2

Powered by Koha